Statistics for U.S. States by Clue

Click here to take the quiz!

General Stats

  • This quiz has been taken 64 times
  • The average score is 10 of 15

Answer Stats

ClueState% Correct
Home to the Statue of Liberty.New York
96%
Home of the Great Salt Lake.Utah
89%
Where Apple is headquartered.California
82%
Only state where French has official status.Louisiana
75%
Known for its dairy products.Wisconsin
75%
Least populated state.Wyoming
75%
Home to the busiest airport in the world.Georgia
74%
Where The Alamo is located.Texas
72%
Only state that is one syllable.Maine
65%
Produces the most maple syrup.Vermont
60%
Lincoln's birthplace.Kentucky
58%
Where Nike is headquartered.Oregon
56%
Where Badlands National Park is located.South Dakota
54%
Poorest state.West Virginia
49%
Where Walt Disney was born.Missouri
25%

Score Distribution

Percentile by Number Answered

Percent of People with Each Score

Your Score History

You have not taken this quiz